Statistics for Music Artists Quiz 1

Click here to take the quiz!

General Stats

  • This quiz has been taken 26 times
  • The average score is 5 of 10

Answer Stats

HintAnswer% Correct
Successful singles "Bad Romance" and "Born This Way"Lady Gaga
75%
Began professional songwriting at age 14 and signed in 2005 to become a country singer.Taylor Swift
75%
Wrote "We Are the Champions"Freddie Mercury
67%
Lead vocalist and primary songwriter of the rock band NirvanaKurt Cobain
67%
Known as the "Queen of Pop"Madonna
58%
Debut album, + ("Plus")Ed Sheeran
54%
Discovered by her future manager and husband René AngélilCeline Dion
46%
Artist currently with most monthly listeners in SpotifyThe Weeknd
38%
Accompanied by his band, the HooligansBruno Mars
17%
He is known for popularizing creative use of the Auto-Tune pitch correction effectT-Pain
13%

Score Distribution

Percentile by Number Answered

Percent of People with Each Score

Your Score History

You have not taken this quiz